| 000 | 00628nam a2200193Ia 4500 | ||
|---|---|---|---|
| 008 | 151121s9999||||xx |||||||||||||| ||und|| | ||
| 082 | _a814/आपटे | ||
| 082 | _bHNW-10061 | ||
| 100 | _aआपटे गुरुजी | ||
| 245 | _aकुटुंब-रंजन भाग 2 | ||
| 260 | _b"भारत प्रकाशन, धुळें।" | ||
| 260 | _c-- | ||
| 300 | _a15 | ||
| 600 | _aआपटे गुरुजी | ||
| 630 | _aकुटुंब-रंजन भाग 2 | ||
| 700 | _aआपटे गुरुजी | ||
| 730 | _aकुटुंब-रंजन भाग 2 | ||
| 942 | _cBOOK | ||
| 999 |
_c1215358 _d1215355 |
||